<The> Deviant dynamics of death in heterogeneous populations
Saved in:
| Main Author: | |
|---|---|
| Other Authors: | |
| Format: | Book |
| Language: | English |
| Published: |
Laxenburg
International Institute for Applied Systems Analysis
1983
|
| Tags: |
No Tags, Be the first to tag this record!
|
MARC
| LEADER | 00000nam a2200000 4500 | ||
|---|---|---|---|
| 001 | c129312 | ||
| 005 | 20041019155246.0 | ||
| 041 | 0 | |a eng | |
| 044 | |a AT | ||
| 245 | 1 | 0 | |a <The> Deviant dynamics of death in heterogeneous populations |c James W. Vaupel, Anatoli I. Yashin |
| 264 | 1 | |a Laxenburg |b International Institute for Applied Systems Analysis |c 1983 | |
| 300 | |a 35 s. | ||
| 100 | 1 | |a Vaupel, James W. | |
| 700 | 1 | |a Yashin, Anatoli I. | |